000 00746nam a2200265 i 4500
001 bg
100 1 _aWATCYN-JONES, Peter.
245 0 0 _aTest your prepositions /
_cPeter Watcyn-Jones and Jake Allsop.
250 _a5th impr.
260 _aHarlow :
_bPearson Education,
_c2005.
300 _a101 s. :
_brys. ;
_c21 cm.
490 1 _aTest Your
650 9 _aJęzyk angielski
_xgramatyka
655 _aĆwiczenia i zadania
700 1 _aALLSOP, Jake
830 _aTest Your
020 _a0582451728
040 _cBPK
041 0 _aeng
080 _a811.111'36(07)
920 _a0-582-45172-8
942 _cKS
008 s pl f |000 0 pol
999 _c52145
_d52145